[Event "Quebec op U1700"]
[Site "Laval CAN"]
[Date "2022.09.02"]
[Round "2.38"]
[White "Laporte, Michel"]
[Black "Duguay-Piron, Simon"]
[Result "0-1"]
[WhiteElo "1528"]
[BlackElo "1416"]
[PlyCount "68"]
[EventDate "2022.09.01"]
[EventType "swiss"]
[EventRounds "9"]
[EventCountry "CAN"]

1. d4 d5 2. Nf3 Nf6 3. e3 Bf5 4. Bd3 Bxd3 5. cxd3 e6 6. O-O c5 7. dxc5 Bxc5 8.
Nc3 O-O 9. b3 Nc6 10. Bb2 a6 11. Rc1 d4 12. Na4 Ba7 13. Ba3 dxe3 14. Bxf8 exf2+
15. Kh1 Qxf8 16. Nc3 Ng4 17. Qe2 Qd6 18. Ne4 Qf4 19. g3 Qh6 20. Nh4 f5 21. Nd2
Be3 22. Rxc6 bxc6 23. Nc4 Bd4 24. h3 g5 25. hxg4 gxh4 26. Kh2 hxg3+ 27. Kxg3
Kh8 28. Na5 Qg7 29. Nxc6 Qc7+ 30. Kh3 Qxc6 31. gxf5 exf5 32. Qh5 Qg6 33. Qf3
Qh6+ 34. Kg3 Rg8+ 0-1

[Event "Quebec op U1700"]
[Site "Laval CAN"]
[Date "2022.09.02"]
[Round "2.40"]
[White "Houde-Belle-Isle, Raphael"]
[Black "Frangakis, Evan"]
[Result "0-1"]
[WhiteElo "1310"]
[BlackElo "1589"]
[PlyCount "98"]
[EventDate "2022.09.01"]
[EventType "swiss"]
[EventRounds "9"]
[EventCountry "CAN"]

1. e4 d5 2. exd5 Qxd5 3. Nc3 Qd8 4. h3 e5 5. Bc4 Nf6 6. d3 h6 7. Nge2 Nc6 8.
O-O Be7 9. a3 O-O 10. b4 Re8 11. Bb2 a6 12. Qd2 Bf5 13. Ng3 Bg6 14. Rad1 b5 15.
Ba2 Nd4 16. Rfe1 Bf8 17. Nce4 Nh5 18. Ne2 Kh8 19. Nxd4 exd4 20. Ng3 Rxe1+ 21.
Rxe1 Nxg3 22. fxg3 c6 23. Qf4 a5 24. Bxf7 Bxf7 25. Qxf7 axb4 26. axb4 Bxb4 27.
Re4 c5 28. Re7 Qg8 29. Qh5 c4 30. Rb7 c3 31. Bxc3 Bxc3 32. Qxb5 Qf8 33. Qe5 Re8
34. Qc7 Rc8 35. Qe5 Re8 36. Qc7 Rc8 37. Qe5 Rd8 38. Kh2 Kh7 39. Rc7 Re8 40. Qh5
Re7 41. Rc6 Qf7 42. Qh4 Re2 43. Qg4 Rf2 44. Rb6 Qf5 45. Qh4 Qf3 46. Qe4+ Qxe4
47. dxe4 Rxc2 48. e5 Re2 49. e6 Kg6 0-1

[Event "Quebec op U1700"]
[Site "Laval CAN"]
[Date "2022.09.02"]
[Round "2.41"]
[White "Yang, Jing Yao"]
[Black "Lafer, Michael Barry jr"]
[Result "1-0"]
[WhiteElo "1259"]
[BlackElo "1568"]
[PlyCount "95"]
[EventDate "2022.09.01"]
[EventType "swiss"]
[EventRounds "9"]
[EventCountry "CAN"]

1. d4 Nf6 2. Bf4 d6 3. e3 g6 4. Nf3 Bg7 5. Bd3 O-O 6. e4 Nh5 7. Be3 Nd7 8. Qd2
c5 9. c3 a6 10. Na3 e5 11. g4 Nhf6 12. h3 b5 13. d5 c4 14. Bc2 Rb8 15. Bh6 Qc7
16. Bxg7 Kxg7 17. Qg5 h6 18. Qh4 g5 19. Qg3 Nc5 20. Nd2 a5 21. h4 Bxg4 22. f3
Bxf3 23. Qxf3 g4 24. Qg3 h5 25. Qe3 Nh7 26. Nf1 Qd7 27. Ng3 Kg6 28. Nf5 f6 29.
Qh6+ Kf7 30. Qxh7+ Ke8 31. Qxh5+ Kd8 32. Kd2 Kc7 33. Rag1 Rg8 34. Qh6 Qf7 35.
Rg2 Rg6 36. Qe3 Rbg8 37. Nxb5+ Kb6 38. Nbxd6 Qc7 39. h5 Rg5 40. h6 Rh8 41. Rh4
Ka6 42. Rhxg4 Nb7 43. Nxb7 Qxb7 44. Rxg5 fxg5 45. Rxg5 Qxb2 46. Rg6+ Kb7 47.
Rg7+ Kc8 48. Qa7 1-0

[Event "Quebec op U1700"]
[Site "Laval CAN"]
[Date "2022.09.02"]
[Round "2.42"]
[White "Masse-Garneau, Anthony"]
[Black "Bedard, Daniel"]
[Result "1-0"]
[WhiteElo "1600"]
[BlackElo "1432"]
[PlyCount "77"]
[EventDate "2022.09.01"]
[EventType "swiss"]
[EventRounds "9"]
[EventCountry "CAN"]

1. e4 c5 2. Nf3 Nc6 3. d4 cxd4 4. Nxd4 Nf6 5. Nc3 a6 6. Nxc6 bxc6 7. e5 Ng8 8.
Bc4 e6 9. O-O Bc5 10. Qg4 g6 11. Ne4 Be7 12. Be3 f5 13. exf6 Bxf6 14. Nd6+ Kf8
15. Rad1 Kg7 16. Bd4 Nh6 17. Qe2 Rf8 18. Qd3 Nf7 19. Bxf6+ Qxf6 20. Nxc8 Raxc8
21. Qxd7 Rfe8 22. b3 a5 23. Qd4 e5 24. Qd7 Kf8 25. Qxf7+ Qxf7 26. Bxf7 Kxf7 27.
Rd7+ Re7 28. Rfd1 Ke8 29. R7d6 Ra7 30. Re6+ Re7 31. Rdd6 Rd8 32. Rxd8+ Kxd8 33.
Rxc6 Rd7 34. Kf1 Rd5 35. Ke2 Kd7 36. Rc3 Kd6 37. Rd3 Kc5 38. Rxd5+ Kxd5 39. Ke3
1-0

[Event "Quebec op U1700"]
[Site "Laval CAN"]
[Date "2022.09.02"]
[Round "2.43"]
[White "Tachijian, Mardig"]
[Black "Miron, Gilles"]
[Result "1-0"]
[WhiteElo "1552"]
[BlackElo "1388"]
[PlyCount "111"]
[EventDate "2022.09.01"]
[EventType "swiss"]
[EventRounds "9"]
[EventCountry "CAN"]

1. d4 d5 2. Bf4 Nf6 3. e3 e6 4. Nf3 c5 5. c3 Nc6 6. Bb5 Qb6 7. Bxc6+ Qxc6 8.
O-O Be7 9. Nbd2 O-O 10. Re1 b6 11. Rc1 Bb7 12. Ne5 Qb5 13. a4 Qe8 14. Ra1 Qc8
15. h3 Ne4 16. Nxe4 dxe4 17. a5 f6 18. Nc4 cxd4 19. Nd6 Bxd6 20. Bxd6 Rd8 21.
Qxd4 Bd5 22. Qb4 Qc6 23. Bg3 b5 24. Rac1 Bc4 25. Red1 Bd3 26. b3 e5 27. c4 bxc4
28. bxc4 Rab8 29. Qa3 Rb7 30. f4 exf3 31. Rxd3 Rxd3 32. Qxd3 Rd7 33. Qc2 Qc5
34. Bf2 Qxa5 35. gxf3 Rd2 36. Qe4 Qd8 37. c5 Rxf2 38. Qc4+ Kf8 39. Kxf2 Qd2+
40. Kf1 Qxe3 41. Rc3 Qd2 42. c6 Qd1+ 43. Kf2 Qd2+ 44. Kg3 Qe1+ 45. Kg4 Qg1+ 46.
Kf5 Qg6+ 47. Ke6 Qf7+ 48. Kd6 Qe7+ 49. Kd5 Qf7+ 50. Kc5 Qe7+ 51. Kb5 Qc7 52.
Qc5+ Ke8 53. Rb3 Qb8+ 54. Kc4 Qc8 55. Rb7 Qe6+ 56. Qd5 1-0

[Event "Quebec op U1700"]
[Site "Laval CAN"]
[Date "2022.09.02"]
[Round "2.45"]
[White "Bergeron, Jean-Guy"]
[Black "Duplessis, Claude"]
[Result "0-1"]
[WhiteElo "1370"]
[BlackElo "1551"]
[PlyCount "78"]
[EventDate "2022.09.01"]
[EventType "swiss"]
[EventRounds "9"]
[EventCountry "CAN"]

1. c4 f5 2. d4 Nf6 3. Nc3 e6 4. Bg5 Be7 5. Bxf6 Bxf6 6. e4 O-O 7. e5 Be7 8. Be2
Nc6 9. Nf3 b6 10. d5 Na5 11. d6 cxd6 12. exd6 Bf6 13. Qc2 a6 14. O-O Bb7 15.
Rad1 Qe8 16. b4 Nc6 17. a3 Qg6 18. g3 Ne5 19. Nxe5 Bxe5 20. f4 Bf6 21. Bf3 Bxf3
22. Rxf3 Rac8 23. Na4 Rc6 24. c5 Rfc8 25. Qf2 bxc5 26. bxc5 Bd8 27. Rb3 Qf7 28.
Rdb1 h6 29. Nb6 Bxb6 30. Rxb6 Rxc5 31. Rxa6 e5 32. Ra8 Qd5 33. Rxc8+ Rxc8 34.
fxe5 Qxe5 35. Qa7 Kh7 36. Rd1 Qe3+ 37. Kg2 Qe4+ 38. Kg1 Rc2 39. Qd4 Qe2 0-1

[Event "Quebec op U1700"]
[Site "Laval CAN"]
[Date "2022.09.02"]
[Round "2.45"]
[White "Thouin, Hubert"]
[Black "Girard-Plouffe, Francois"]
[Result "0-1"]
[WhiteElo "1316"]
[BlackElo "1499"]
[PlyCount "116"]
[EventDate "2022.09.01"]
[EventType "swiss"]
[EventRounds "9"]
[EventCountry "CAN"]

1. c4 e5 2. g3 Nf6 3. Bg2 Be7 4. Nc3 O-O 5. Nf3 d6 6. O-O Nbd7 7. d4 exd4 8.
Nxd4 Ne5 9. b3 c6 10. Bg5 Re8 11. Ne4 Nxe4 12. Bxe7 Qxe7 13. Bxe4 Nxc4 14.
Bxh7+ Kxh7 15. bxc4 Bh3 16. Re1 Qe4 17. Nf3 Kg8 18. Qd3 Qe7 19. Rad1 Rad8 20.
Kh1 Qf6 21. Qd4 Qxd4 22. Rxd4 f6 23. e3 Be6 24. Red1 d5 25. e4 c5 26. R4d3 d4
27. Nh4 b6 28. f4 Bxc4 29. R3d2 Rxe4 30. Rc2 Bd5 31. Kg1 Rde8 32. Nf5 Re2 33.
Rxe2 Rxe2 34. a3 Rg2+ 35. Kf1 Rxh2 36. Ne7+ Kf7 37. Nxd5 Rh1+ 38. Ke2 Rxd1 39.
Kxd1 Ke6 40. Nc7+ Kf5 41. Ke2 Ke4 42. Ne6 c4 43. Nxg7 c3 44. Kd1 d3 45. a4 a6
46. Kc1 b5 47. axb5 axb5 48. Ne6 f5 49. Nc5+ Ke3 50. Nb3 b4 51. Kd1 Kf3 52.
Nd4+ Kxg3 53. Nxf5+ Kxf4 54. Nd4 Ke4 55. Nb3 Kd5 56. Na1 Kc4 57. Kc1 b3 58. Kd1
b2 0-1

[Event "Quebec op U1700"]
[Site "Laval CAN"]
[Date "2022.09.02"]
[Round "3.41"]
[White "Lafer, Michael Barry jr"]
[Black "Chasles, Jean-Benoit"]
[Result "0-1"]
[WhiteElo "1568"]
[BlackElo "1423"]
[PlyCount "91"]
[EventDate "2022.09.01"]
[EventType "swiss"]
[EventRounds "9"]
[EventCountry "CAN"]

1. e4 c5 2. Nf3 g6 3. d4 cxd4 4. Nxd4 Bg7 5. Nc3 Nc6 6. Be3 Nf6 7. f3 d5 8.
Nxc6 bxc6 9. Qd2 O-O 10. Rd1 Be6 11. e5 Nd7 12. f4 f6 13. exf6 Nxf6 14. h3 Qc7
15. Bc5 Nh5 16. Qe3 Bxc3+ 17. bxc3 Bf7 18. g3 Rfe8 19. Be2 e5 20. fxe5 Rxe5 21.
Qf2 Nxg3 22. Be3 Nxh1 23. Qf3 Rae8 24. Rd3 Rxe3 25. Rxe3 Rxe3 26. Qxe3 Qg3+ 27.
Kd2 Qxe3+ 28. Kxe3 Ng3 29. Ba6 Be6 30. Kf4 Ne4 31. c4 Bxh3 32. cxd5 cxd5 33.
Ke5 Bf5 34. Kxd5 Nc3+ 35. Kc4 Nxa2 36. Kb3 Be6+ 37. c4 Nc1+ 38. Kb4 Nd3+ 39.
Kb5 Bd7+ 40. Ka5 Nc5 41. Bb5 Bxb5 42. Kxb5 Nd7 43. Ka6 Nb6 44. c5 Nd7 45. Kb7
Nxc5+ 46. Kc6 0-1

[Event "Quebec op U1700"]
[Site "Laval CAN"]
[Date "2022.09.02"]
[Round "3.42"]
[White "Novozhenin, Oleksandr"]
[Black "Duguay-Piron, Simon"]
[Result "1/2-1/2"]
[WhiteElo "1593"]
[BlackElo "1416"]
[PlyCount "96"]
[EventDate "2022.09.01"]
[EventType "swiss"]
[EventRounds "9"]
[EventCountry "CAN"]

1. c4 Nf6 2. g3 g6 3. Bg2 c5 4. Nc3 Bg7 5. e3 e6 6. d4 cxd4 7. exd4 d6 8. Nge2
Nc6 9. O-O O-O 10. Bg5 Qa5 11. Bd2 Qb6 12. Be3 Ng4 13. Qd2 Nxe3 14. fxe3 Ne7
15. Ne4 Bh6 16. Rab1 Nf5 17. Rf3 e5 18. Nf6+ Kh8 19. Nd5 Qc6 20. Qc3 Be6 21. e4
Nxd4 22. Nxd4 exd4 23. Qd3 Bg7 24. b3 Qd7 25. Nf6 Qd8 26. Rbf1 Rc8 27. Qxd4 a6
28. Rd3 Qa5 29. Qf2 Rfd8 30. Qf4 Qe5 31. Qxe5 dxe5 32. Nd5 Rc5 33. Rfd1 Bg4 34.
Ne3 Rxd3 35. Rxd3 h5 36. Nxg4 hxg4 37. Rd7 b5 38. Bf1 Kg8 39. Rd8+ Bf8 40. Rd5
Rxd5 41. exd5 bxc4 42. Bxc4 a5 43. Kg2 Bc5 44. h3 gxh3+ 45. Kxh3 Kg7 46. Kg4
f5+ 47. Kf3 Kf6 48. Bb5 e4+ 1/2-1/2

[Event "Quebec op U1700"]
[Site "Laval CAN"]
[Date "2022.09.02"]
[Round "3.43"]
[White "Smirnov, Arteme-Iouri"]
[Black "Yang, Jing Yao"]
[Result "0-1"]
[WhiteElo "1495"]
[BlackElo "1259"]
[PlyCount "94"]
[EventDate "2022.09.01"]
[EventType "swiss"]
[EventRounds "9"]
[EventCountry "CAN"]

1. e4 e5 2. Nf3 Nc6 3. d4 exd4 4. Nxd4 Nf6 5. Nxc6 bxc6 6. e5 Nd5 7. c4 Nb6 8.
Bd3 Be7 9. O-O O-O 10. Qh5 g6 11. Qe2 d5 12. exd6 cxd6 13. b3 Re8 14. Re1 Bg4
15. Qc2 Bf6 16. Rxe8+ Qxe8 17. Bb2 Qe1+ 18. Bf1 Bf5 19. Na3 Qxa1 20. Bxa1 Bxc2
21. Bxf6 Bf5 22. f3 d5 23. cxd5 Nxd5 24. Bd4 Nb4 25. Nc4 Bd3 26. Ne5 Bxf1 27.
Kxf1 a6 28. a3 Nc2 29. Bc5 Kg7 30. Nc4 Rd8 31. Nd6 Rb8 32. b4 Nxa3 33. Ke2 Nc2
34. Kd2 Nxb4 35. g3 Nd5 36. Nc4 Rb1 37. Bd4+ f6 38. Na5 c5 39. Bc3 Nxc3 40.
Kxc3 Rb5 41. Nc6 Rb1 42. Kc4 Rh1 43. Kxc5 Rxh2 44. g4 Rc2+ 45. Kb6 Rxc6+ 46.
Kxc6 h5 47. gxh5 gxh5 0-1

[Event "Quebec op U1700"]
[Site "Laval CAN"]
[Date "2022.09.02"]
[Round "3.44"]
[White "Bourassa, Louis"]
[Black "Avarian, Aram Sevag"]
[Result "0-1"]
[WhiteElo "1511"]
[BlackElo "1657"]
[PlyCount "74"]
[EventDate "2022.09.01"]
[EventType "swiss"]
[EventRounds "9"]
[EventCountry "CAN"]

1. e4 c5 2. c3 Nf6 3. e5 Nd5 4. d4 cxd4 5. cxd4 d6 6. Bc4 Nb6 7. Bb3 Nc6 8. Nf3
Bg4 9. Bxf7+ Kxf7 10. Ng5+ Ke8 11. Qxg4 dxe5 12. Qf5 Nxd4 13. Qf7+ Kd7 14. O-O
Qe8 15. Rd1 Qxf7 16. Nxf7 Ke6 17. Nxh8 Nc2 18. Na3 Nxa1 19. Be3 Nd5 20. Rxa1 g6
21. Nxg6 hxg6 22. Rc1 Nxe3 23. fxe3 Rd8 24. Nb5 Rd2 25. Rc7 a6 26. Rc8 Bh6 27.
Nc3 Bxe3+ 28. Kf1 Rf2+ 29. Ke1 Rxb2 30. Nd1 Bd2+ 31. Kf1 Rxa2 32. Rc7 b5 33. g4
b4 34. Rb7 a5 35. h4 Bf4 36. h5 gxh5 37. gxh5 Rh2 0-1

[Event "Quebec op U1700"]
[Site "Laval CAN"]
[Date "2022.09.02"]
[Round "3.45"]
[White "Harper, Jonathan"]
[Black "Duval, Mathieu"]
[Result "1-0"]
[WhiteElo "1590"]
[BlackElo "1524"]
[PlyCount "61"]
[EventDate "2022.09.01"]
[EventType "swiss"]
[EventRounds "9"]
[EventCountry "CAN"]

1. e4 c5 2. Nf3 Nc6 3. d4 cxd4 4. Nxd4 g6 5. Nc3 Bg7 6. Be3 d6 7. Bc4 Nf6 8. f3
O-O 9. Qd2 a6 10. O-O-O Qc7 11. Bb3 Bd7 12. Nxc6 Bxc6 13. Bh6 Rfc8 14. Bxg7
Kxg7 15. g4 a5 16. a4 Rab8 17. g5 Nh5 18. Nd5 Bxd5 19. Qxd5 Kh8 20. Qxf7 Rf8
21. Qd5 Rxf3 22. e5 Rf5 23. exd6 exd6 24. Qd4+ Ng7 25. h4 Rd8 26. Rhf1 Re5 27.
Rf7 Qc6 28. Qxe5 dxe5 29. Rxd8+ Ne8 30. Rf8+ Kg7 31. Rg8# 1-0

[Event "Quebec op U1700"]
[Site "Laval CAN"]
[Date "2022.09.02"]
[Round "3.46"]
[White "Podariu, Cristian"]
[Black "Masse-Garneau, Anthony"]
[Result "0-1"]
[WhiteElo "1496"]
[BlackElo "1600"]
[PlyCount "96"]
[EventDate "2022.09.01"]
[EventType "swiss"]
[EventRounds "9"]
[EventCountry "CAN"]

1. d4 d5 2. c4 e6 3. Nf3 Nf6 4. Nc3 c6 5. e3 Nbd7 6. Qc2 Bb4 7. Bd2 O-O 8. Bd3
dxc4 9. Bxc4 c5 10. O-O b6 11. a3 Bxc3 12. Bxc3 Nd5 13. Bd2 Bb7 14. Qd3 N5f6
15. Qe2 Ne4 16. Bc3 Nxc3 17. bxc3 Qf6 18. Ba6 Bxf3 19. gxf3 Rad8 20. Rad1 cxd4
21. cxd4 e5 22. dxe5 Nxe5 23. f4 Ng6 24. Bb7 Qe7 25. Qa6 Rb8 26. Bd5 Rfd8 27.
Qc4 Kf8 28. Qb4 a5 29. Qxe7+ Kxe7 30. f5 Ne5 31. Kg2 b5 32. h3 Nc4 33. Bxc4
bxc4 34. Rxd8 Rxd8 35. Rc1 Rc8 36. Kf3 Kd6 37. e4 Kc5 38. Ke3 Rd8 39. Rc3 Rd1
40. Ke2 Rb1 41. Ke3 Re1+ 42. Kf3 Kd4 43. Re3 Rxe3+ 44. fxe3+ Ke5 45. Ke2 Kxe4
46. f6 g6 47. Kd2 h5 48. Kc3 g5 0-1

[Event "Quebec op U1700"]
[Site "Laval CAN"]
[Date "2022.09.02"]
[Round "3.48"]
[White "Girard-Plouffe, Francois"]
[Black "Tachijian, Mardig"]
[Result "0-1"]
[WhiteElo "1499"]
[BlackElo "1552"]
[PlyCount "88"]
[EventDate "2022.09.01"]
[EventType "swiss"]
[EventRounds "9"]
[EventCountry "CAN"]

1. d4 d5 2. c4 c6 3. Nf3 g6 4. g3 Bg7 5. Bg2 Nf6 6. O-O O-O 7. Nbd2 Re8 8. Ne5
Ng4 9. Ndf3 Nxe5 10. Nxe5 dxc4 11. e3 Bxe5 12. dxe5 Qxd1 13. Rxd1 Nd7 14. f4
Nb6 15. e4 Bg4 16. Rd2 Rad8 17. Rxd8 Rxd8 18. Be3 Rd1+ 19. Rxd1 Bxd1 20. Kf2
Bc2 21. Bxb6 axb6 22. Ke3 c5 23. Bf1 b5 24. a3 b6 25. Bg2 e6 26. Bf3 Kf8 27.
Kd2 Bd3 28. Kc3 Ke7 29. b4 h6 30. h4 Kd7 31. Bg2 Be2 32. Kd2 Bg4 33. Ke3 Ke7
34. Kd2 g5 35. hxg5 hxg5 36. Kc3 Bd1 37. Kd2 Bg4 38. Kc3 gxf4 39. gxf4 Kf8 40.
f5 Kg7 41. a4 bxa4 42. Kxc4 Be2+ 43. Kc3 c4 44. Kb2 Kh6 0-1

[Event "Quebec op U1700"]
[Site "Laval CAN"]
[Date "2022.09.02"]
[Round "3.49"]
[White "Duplessis, Claude"]
[Black "Peloquin, Charli"]
[Result "0-1"]
[WhiteElo "1551"]
[BlackElo "1298"]
[PlyCount "34"]
[EventDate "2022.09.01"]
[EventType "swiss"]
[EventRounds "9"]
[EventCountry "CAN"]

1. e4 c6 2. d4 d5 3. e5 c5 4. dxc5 Nc6 5. f4 Nh6 6. Nc3 e6 7. Be3 d4 8. Ne4
dxe3 9. Nd6+ Bxd6 10. cxd6 g5 11. g3 gxf4 12. gxf4 Qh4+ 13. Ke2 Qf2+ 14. Kd3
Qxf4 15. Nf3 Ng4 16. Ke2 Ngxe5 17. Nxe5 Nxe5 0-1

[Event "Quebec op U1700"]
[Site "Laval CAN"]
[Date "2022.09.02"]
[Round "3.51"]
[White "Levasseur, Sylvain"]
[Black "Laroche, Martin"]
[Result "1/2-1/2"]
[WhiteElo "1509"]
[BlackElo "1416"]
[PlyCount "99"]
[EventDate "2022.09.01"]
[EventType "swiss"]
[EventRounds "9"]
[EventCountry "CAN"]

1. e4 e5 2. Nf3 Nc6 3. Bc4 h6 4. d3 d6 5. h3 Nf6 6. Nbd2 a6 7. a3 Be7 8. O-O
O-O 9. Re1 Nh7 10. Nf1 Ng5 11. Nxg5 Bxg5 12. c3 Be6 13. Bxe6 fxe6 14. Qg4 Re8
15. Bxg5 hxg5 16. Re3 Qf6 17. Rf3 Qh6 18. Rg3 Rf8 19. Qxg5 Qxg5 20. Rxg5 Rf6
21. Ne3 Raf8 22. Ng4 Rf4 23. f3 Nd8 24. Ne3 Nc6 25. Rf1 b5 26. Rf2 Na5 27. Nc2
Nc6 28. Ne1 Na5 29. g3 R4f6 30. Kg2 c5 31. Nc2 Nb3 32. Ne3 Kh7 33. Nc2 a5 34.
h4 a4 35. g4 Rf4 36. h5 R8f6 37. Kg3 Rh6 38. Rg6 Rxg6 39. hxg6+ Kxg6 40. Rh2
Rf8 41. Ne1 Na5 42. Kf2 c4 43. Kg3 Kf7 44. Rh5 cxd3 45. Nxd3 Nc4 46. Rh2 Ne3
47. Kf2 Nc4 48. Kg3 Kg6 49. Rc2 Rh8 50. Rh2 1/2-1/2

[Event "Quebec op U1700"]
[Site "Laval CAN"]
[Date "2022.09.02"]
[Round "3.53"]
[White "Guillemette, Sebastien"]
[Black "Houde-Belle-Isle, Raphael"]
[Result "0-1"]
[WhiteElo "1495"]
[BlackElo "1310"]
[PlyCount "62"]
[EventDate "2022.09.01"]
[EventType "swiss"]
[EventRounds "9"]
[EventCountry "CAN"]

1. e4 e5 2. Nf3 Nc6 3. Bb5 Bc5 4. c3 Nf6 5. O-O Nxe4 6. Qe2 d5 7. Nxe5 O-O 8.
Nxc6 bxc6 9. Bxc6 Rb8 10. d3 Nf6 11. b4 Bb6 12. Bf4 Bd7 13. Bxd7 Qxd7 14. a4 a5
15. b5 Rfe8 16. Qf3 Re7 17. d4 Rbe8 18. Nd2 c6 19. Rab1 c5 20. Nb3 Qf5 21. dxc5
Qxb1 22. Nd2 Qa2 23. cxb6 Qxa4 24. c4 dxc4 25. Qc6 c3 26. Nc4 Re6 27. Qc7 Nd5
28. Qc5 Nxf4 29. Nd6 Rxd6 30. Qxd6 Ne2+ 31. Kh1 Qxb5 0-1

[Event "Quebec op U1700"]
[Site "Laval CAN"]
[Date "2022.09.02"]
[Round "3.54"]
[White "Raduica, Gheorghe"]
[Black "Berube, Maximilien"]
[Result "0-1"]
[WhiteElo "1472"]
[BlackElo "1480"]
[PlyCount "50"]
[EventDate "2022.09.01"]
[EventType "swiss"]
[EventRounds "9"]
[EventCountry "CAN"]

1. g3 e5 2. Bg2 d5 3. d3 Nf6 4. c3 Bd6 5. Qb3 c6 6. Bg5 Nbd7 7. Bh3 Nc5 8. Qc2
Bxh3 9. Nxh3 h6 10. Bxf6 Qxf6 11. b4 Ne6 12. Qd2 Qf5 13. Ng1 Rd8 14. Qe3 d4 15.
Qd2 dxc3 16. Qxc3 Nd4 17. Nd2 Bxb4 18. Qb2 Bxd2+ 19. Qxd2 e4 20. Rd1 exd3 21.
Qe3+ Kf8 22. Rd2 Nc2+ 23. Rxc2 dxc2 24. Qa3+ Kg8 25. f3 Rd1+ 0-1

[Event "Quebec op U1700"]
[Site "Laval CAN"]
[Date "2022.09.02"]
[Round "3.56"]
[White "Miron, Gilles"]
[Black "Thouin, Hubert"]
[Result "1-0"]
[WhiteElo "1388"]
[BlackElo "1316"]
[PlyCount "63"]
[EventDate "2022.09.01"]
[EventType "swiss"]
[EventRounds "9"]
[EventCountry "CAN"]

1. e4 e5 2. d4 exd4 3. Nf3 Bc5 4. Bc4 Ne7 5. Bg5 h6 6. Bf4 d5 7. exd5 Nxd5 8.
Qe2+ Be6 9. Bg3 O-O 10. O-O Nc6 11. a3 Re8 12. Qd3 Nf6 13. Nbd2 Bxc4 14. Nxc4
b5 15. Ncd2 Bd6 16. Bh4 g5 17. Bg3 Bxg3 18. hxg3 a6 19. Rae1 Qd7 20. Nb3 Rad8
21. Nc5 Qc8 22. b4 Ng4 23. Rxe8+ Rxe8 24. Re1 Rxe1+ 25. Nxe1 Qe8 26. Nf3 Nge5
27. Nxe5 Nxe5 28. Qxd4 Nc4 29. Ne4 Kf8 30. Qh8+ Ke7 31. Qxh6 Qc6 32. Qxc6 1-0

[Event "Quebec op U1700"]
[Site "Laval CAN"]
[Date "2022.09.03"]
[Round "4.41"]
[White "Houde-Belle-Isle, Raphael"]
[Black "Lafer, Michael Barry jr"]
[Result "1-0"]
[WhiteElo "1310"]
[BlackElo "1568"]
[PlyCount "125"]
[EventDate "2022.09.01"]
[EventType "swiss"]
[EventRounds "9"]
[EventCountry "CAN"]

1. e4 c5 2. Nf3 d6 3. d4 cxd4 4. Nxd4 Nf6 5. Nc3 a6 6. Bc4 e6 7. Bb3 Be7 8. Be3
Nc6 9. O-O O-O 10. Qd2 Qc7 11. f3 Ne5 12. Qe2 b5 13. Kh1 b4 14. Nb1 Bd7 15. a3
Rfb8 16. axb4 Rxb4 17. Rxa6 Rxa6 18. Qxa6 h5 19. Nc3 Nc4 20. Bxc4 Rxc4 21. Rd1
Rxc3 22. bxc3 Qxc3 23. Qd3 Qb2 24. h3 h4 25. Qb3 Qxb3 26. cxb3 d5 27. exd5 Nxd5
28. Bf2 Kf8 29. Nf5 exf5 30. Rxd5 Be6 31. Rb5 Bf6 32. Rb4 Bc3 33. Rb8+ Ke7 34.
Bxh4+ f6 35. Bg3 g5 36. h4 f4 37. Bf2 Be5 38. Rb5 gxh4 39. Bxh4 Kd6 40. Rb6+
Kd7 41. Bf2 Bf5 42. b4 Bd3 43. Bc5 Kd8 44. Rb7 Kc8 45. Rf7 Bc4 46. Rf8+ Kd7 47.
Kg1 Kc6 48. Be7 Kb5 49. Bxf6 Bd6 50. Rh8 Kxb4 51. Rh4 Kc5 52. Bg5 Kd5 53. Bxf4
Bxf4 54. Rxf4 Bd3 55. Kf2 Ke5 56. Rf8 Ke6 57. g4 Ke7 58. Rb8 Kf6 59. Ke3 Bg6
60. Kf4 Bc2 61. Rb6+ Kf7 62. Kg5 Bd1 63. f4 1-0

[Event "Quebec op U1700"]
[Site "Laval CAN"]
[Date "2022.09.03"]
[Round "4.42"]
[White "Yang, Jing Yao"]
[Black "Novozhenin, Oleksandr"]
[Result "1-0"]
[WhiteElo "1259"]
[BlackElo "1593"]
[PlyCount "57"]
[EventDate "2022.09.01"]
[EventType "swiss"]
[EventRounds "9"]
[EventCountry "CAN"]

1. d4 e6 2. Bf4 d5 3. e3 Nf6 4. Nf3 c5 5. c3 Nc6 6. Nbd2 Qb6 7. Qc2 Bd7 8. Ne5
Rc8 9. Nxc6 Rxc6 10. Nf3 Rc8 11. Bd3 Bb5 12. Bxb5+ Qxb5 13. a4 Qa6 14. Qb3 Nd7
15. Qb5 Qc6 16. Ne5 Nxe5 17. Bxe5 f6 18. Bg3 a6 19. Qe2 Qd7 20. O-O h5 21. h3
Bd6 22. Bxd6 Qxd6 23. Rfd1 e5 24. e4 Kd7 25. Re1 g5 26. Qc2 h4 27. exd5 Qxd5
28. Qg6 g4 29. Qxg4+ {Illegal Move (Rhg8). White win in 48 moves} 1-0

[Event "Quebec op U1700"]
[Site "Laval CAN"]
[Date "2022.09.03"]
[Round "4.43"]
[White "Avarian, Aram Sevag"]
[Black "Harper, Jonathan"]
[Result "1/2-1/2"]
[WhiteElo "1657"]
[BlackElo "1590"]
[PlyCount "116"]
[EventDate "2022.09.01"]
[EventType "swiss"]
[EventRounds "9"]
[EventCountry "CAN"]

1. e4 e6 2. d4 d5 3. Bd3 dxe4 4. Bxe4 Nf6 5. Bf3 e5 6. dxe5 Qxd1+ 7. Bxd1 Ng4
8. Nf3 Nc6 9. O-O Be6 10. Bf4 O-O-O 11. h3 Nh6 12. c3 Nf5 13. Bb3 Bxb3 14. axb3
Kb8 15. Nbd2 h6 16. Nc4 g5 17. Bh2 Be7 18. b4 a6 19. Rfd1 Rxd1+ 20. Rxd1 Rd8
21. Rxd8+ Bxd8 22. g4 Ng7 23. Ne3 h5 24. Nd2 f6 25. exf6 Bxf6 26. Ne4 Bd8 27.
Nf5 Nxf5 28. gxf5 Ne7 29. f6 Ng6 30. Nxg5 Bxf6 31. f4 Kc8 32. Kf2 Kd7 33. Ke3
c6 34. Ne4 Be7 35. Ng5 Bf6 36. Ke4 Ne7 37. Bg1 Bxg5 38. fxg5 Ke6 39. Bf2 Nf5
40. b3 Ne7 41. c4 Ng6 42. Bg3 Ne7 43. h4 Nf5 44. Bf2 b5 45. Be1 Nd6+ 46. Kd4
Nb7 47. Bg3 a5 48. cxb5 cxb5 49. bxa5 Nxa5 50. b4 Nb3+ 51. Kc3 Nc1 52. Kd2 Na2
53. Kc2 Nxb4+ 54. Kb3 Nc6 55. Be1 Nd4+ 56. Kc3 Nf3 57. Bf2 Kf5 58. Kb4 Nxg5
1/2-1/2

[Event "Quebec op U1700"]
[Site "Laval CAN"]
[Date "2022.09.03"]
[Round "4.44"]
[White "Duguay-Piron, Simon"]
[Black "Frangakis, Evan"]
[Result "0-1"]
[WhiteElo "1416"]
[BlackElo "1589"]
[PlyCount "82"]
[EventDate "2022.09.01"]
[EventType "swiss"]
[EventRounds "9"]
[EventCountry "CAN"]

1. e4 d5 2. exd5 Qxd5 3. Nc3 Qd8 4. d4 Nf6 5. Nf3 Bg4 6. h3 Bxf3 7. Qxf3 c6 8.
Be3 e6 9. Bd3 Bb4 10. O-O O-O 11. Rad1 Nd5 12. Ne4 Be7 13. c4 Nf6 14. Qg3 Re8
15. c5 Nxe4 16. Bxe4 Nd7 17. b4 Nf6 18. Bd3 a6 19. Bh6 Bf8 20. Bg5 Be7 21. Bc2
Nd5 22. Bxe7 Qxe7 23. a3 Qf6 24. f4 Qh6 25. Qf3 Rad8 26. g4 g6 27. Rf2 Rd7 28.
h4 Qg7 29. Qe4 Nc3 30. Qf3 Nxd1 31. Bxd1 Rxd4 32. Rg2 Red8 33. Be2 R4d5 34. b5
Qd4+ 35. Kh1 Qa1+ 36. Kh2 Qf6 37. g5 Qf5 38. h5 Rd2 39. Rf2 R8d4 40. Qc3 Qe4
41. Kg3 R2d3+ 0-1

[Event "Quebec op U1700"]
[Site "Laval CAN"]
[Date "2022.09.03"]
[Round "4.45"]
[White "Masse-Garneau, Anthony"]
[Black "Chasles, Jean-Benoit"]
[Result "0-1"]
[WhiteElo "1600"]
[BlackElo "1423"]
[PlyCount "134"]
[EventDate "2022.09.01"]
[EventType "swiss"]
[EventRounds "9"]
[EventCountry "CAN"]

1. e4 c5 2. Nf3 g6 3. Nc3 Bg7 4. Bc4 Nc6 5. O-O Nf6 6. d3 O-O 7. Bg5 d6 8. h3
a6 9. a4 b6 10. Qd2 Bb7 11. Bh6 Nb4 12. Bxg7 Kxg7 13. Rfe1 e6 14. Rad1 d5 15.
exd5 exd5 16. Bb3 d4 17. Ne4 Nxe4 18. dxe4 Qc7 19. Nxd4 Rad8 20. Qc3 Kg8 21. f3
Qe5 22. Ne2 Qxc3 23. Nxc3 c4 24. Bxc4 Nxc2 25. Rxd8 Rxd8 26. Rd1 Rxd1+ 27. Nxd1
Kf8 28. Kf2 Ke7 29. Nc3 Nb4 30. Ke3 Nc2+ 31. Kd2 Nb4 32. Bb3 f6 33. Ke3 Kd6 34.
f4 g5 35. fxg5 fxg5 36. Na2 Nxa2 37. Bxa2 Ke5 38. Bb1 a5 39. g3 h6 40. h4 gxh4
41. gxh4 Bc6 42. Bc2 Bb7 43. Kf3 Bc8 44. Bb3 Bd7 45. Bc2 Be6 46. Ke3 Bc8 47.
Kd3 Ba6+ 48. Kc3 Bb7 49. Bd3 Bc6 50. b3 Bd7 51. Kc4 Be6+ 52. Kc3 Bd7 53. Bc2
Kf4 54. Kd4 Kg4 55. Kd5 Kxh4 56. Kd6 Be8 57. Ke7 Bg6 58. Kd6 Kg5 59. Kc6 h5 60.
Bd1 Bxe4+ 61. Kxb6 h4 62. Kxa5 h3 63. Kb6 h2 64. a5 h1=Q 65. Be2 Qh6+ 66. Ka7
Qg7+ 67. Ka6 Qb7# 0-1